[Event "Asia-ch U20 Girls"]
[Site "Tagaytay City"]
[Date "2022.11.24"]
[Round "8"]
[White "Dhea, Safitri"]
[Black "Bach, Ngoc Thuy Duong"]
[Result "0-1"]
[WhiteElo "1787"]
[BlackElo "2164"]
[PlyCount "84"]
[EventDate "2022.11.19"]
[EventType "swiss"]
[EventRounds "9"]
[EventCountry "PHI"]
[SourceTitle "CBM 211 Extra"]
[Source "ChessBase"]
[SourceDate "2023.01.31"]
[SourceVersion "1"]
[SourceVersionDate "2023.01.31"]
[SourceQuality "1"]

1. e4 c5 2. Nf3 d6 3. d4 cxd4 4. Qxd4 a6 5. c4 Nc6 6. Qd2 g6 7. h3 Bg7 8. Nc3 Nf6 9. Bd3 Nd7 10. 0-0 0-0 11. b3 Nde5 12. Be2 Nxf3+ 13. Bxf3 Nd4 14. Bd1 b5 15. cxb5 Nxb5 16. Bb2 Qa5 17. Rc1 Bb7 18. Rc2 Nxc3 19. Bxc3 Bxc3 20. Qxc3 Qg5 21. f4 Qb5 22. Qe3 Rac8 23. Be2 Qa5 24. Rfc1 Rxc2 25. Rxc2 Qe1+ 26. Kh2 Rc8 27. Rxc8+ Bxc8 28. Qf3 Bb7 29. a4 a5 30. Bd3 f5 31. Bc4+ Kg7 32. Qg3 Qxg3+ 33. Kxg3 fxe4 34. Kf2 d5 35. Bb5 Kf6 36. Ke3 e5 37. fxe5+ Kxe5 38. g3 d4+ 39. Ke2 Bd5 40. Bc4 Bxc4+ 41. bxc4 Kd6 42. Kd2 Kc5 0-1

[Event "Asia-ch U20 Girls"]
[Site "Tagaytay City"]
[Date "2022.11.23"]
[Round "7"]
[White "Calimbo, Marian"]
[Black "Dhea, Safitri"]
[Result "0-1"]
[WhiteElo "1611"]
[BlackElo "1787"]
[PlyCount "104"]
[EventDate "2022.11.19"]
[EventType "swiss"]
[EventRounds "9"]
[EventCountry "PHI"]
[SourceTitle "CBM 211 Extra"]
[Source "ChessBase"]
[SourceDate "2023.01.31"]
[SourceVersion "1"]
[SourceVersionDate "2023.01.31"]
[SourceQuality "1"]

1. d4 d5 2. Nc3 Nf6 3. Bg5 Nbd7 4. Qd3 c5 5. 0-0-0 h6 6. Bh4 c4 7. Qf3 Qa5 8. Kb1 e6 9. e4 Nxe4 10. Nxe4 dxe4 11. Qxe4 c3 12. Qe1 Bb4 13. a3 Bxa3 14. Qxc3 Bb4 15. Qb3 0-0 16. g4 Nb6 17. c3 Bd6 18. Qb5 Qxb5 19. Bxb5 Nd5 20. Ne2 a6 21. Bd3 b5 22. Kc2 Bb7 23. h3 Rac8 24. Rhg1 Nb4+ 25. Kc1 Bf3 26. Rge1 f5 27. g5 Be7 28. Rd2 hxg5 29. Bg3 f4 30. Bh2 Nxd3+ 31. Rxd3 Be4 32. Rdd1 Bd5 33. Kd2 a5 34. Ra1 a4 35. Nc1 Kf7 36. Nd3 Rh8 37. Ne5+ Ke8 38. Bg1 Rxh3 39. Ng4 a3 40. bxa3 Rcxc3 41. Ne5 Bxa3 42. f3 Rb3 43. Reb1 Rxb1 44. Rxb1 b4 45. Ke2 b3 46. Kf2 b2 47. Kg2 Rg3+ 48. Kh2 Ba2 49. Rxb2 Bxb2 50. Bf2 Bd5 51. Bxg3 fxg3+ 52. Kxg3 Bxd4 0-1

[Event "Asia-ch U20 Girls"]
[Site "Tagaytay City"]
[Date "2022.11.20"]
[Round "2"]
[White "Dhea, Safitri"]
[Black "Cruz, Daniella Bianca"]
[Result "1-0"]
[WhiteElo "1787"]
[BlackElo "1233"]
[PlyCount "87"]
[EventDate "2022.11.19"]
[EventType "swiss"]
[EventRounds "9"]
[EventCountry "PHI"]
[SourceTitle "CBM 211 Extra"]
[Source "ChessBase"]
[SourceDate "2023.01.31"]
[SourceVersion "1"]
[SourceVersionDate "2023.01.31"]
[SourceQuality "1"]

1. e4 e6 2. d4 d5 3. Nd2 Nf6 4. e5 Nfd7 5. Bd3 c5 6. c3 Nc6 7. Ne2 f6 8. exf6 Qxf6 9. Nf3 Bd6 10. 0-0 0-0 11. Bg5 Qf7 12. Be3 h6 13. Qc2 c4 14. Bh7+ Kh8 15. Nh4 Ne7 16. f4 Qf6 17. Ng6+ Nxg6 18. Bxg6 b6 19. Rf3 Qe7 20. Raf1 Nf6 21. h3 Bb7 22. Qd2 b5 23. g4 Ne4 24. Qe1 Qf6 25. Bxe4 dxe4 26. g5 hxg5 27. fxg5 Qxf3 28. Qh4+ Kg8 29. Rxf3 Rxf3 30. g6 Rxe3 31. Qh7+ Kf8 32. Qh8+ Ke7 33. Qxg7+ Kd8 34. Qxb7 Rb8 35. Qxb8+ Bxb8 36. g7 Rxe2 37. g8Q+ Kc7 38. Qxe6 e3 39. Qf7+ Kb6 40. Qf6+ Kc7 41. Qf4+ Kb6 42. Qxb8+ Kc6 43. Qe8+ Kd5 44. Qh5+ 1-0